| 000 | 01036cam a22002657i 4500 | ||
|---|---|---|---|
| 001 | 17690484 | ||
| 003 | OSt | ||
| 005 | 20160401094813.0 | ||
| 008 | 130409s2014 enka b 001 0 eng d | ||
| 010 | _a 2013937550 | ||
| 020 | _a9780199655465 | ||
| 040 | _aSEKU | ||
| 050 | 0 | 0 |
_aQA 298 _b.P3 |
| 100 | 1 |
_aPareschi, Lorenzo, _eauthor. |
|
| 245 | 1 | 0 |
_aInteracting multiagent systems : _bkinetic equations and Monte Carlo methods / _cLorenzo Pareschi (Department of Mathematics and Computer Science, University of Ferrara, Italy), Giuseppe Toscani (Department of Mathematics, University of Pavia, Italy) |
| 250 | _aFirst edition. | ||
| 264 | 1 |
_aOxford ; _aNew York, NY : _bOxford University Press, _c2014. |
|
| 300 |
_axiv, 376 pages : _billustrations ; _c26 cm |
||
| 504 | _aIncludes bibliographical references (pages 356-373) and index. | ||
| 650 | 0 | _aMonte Carlo method. | |
| 650 | 0 | _aEquations of motion. | |
| 650 | 0 |
_aMultiagent systems _xMathematical models. |
|
| 700 | 1 |
_aToscani, Giuseppe, _e co-author. |
|
| 942 |
_2lcc _cGEN |
||
| 999 |
_c12331 _d12331 |
||